Govt. of
Madhya Pradesh

In Which Annie Gives It Those Ones (Record no. 15661)

MARC details
000 -LEADER
fixed length control field 005070000a22001930004500
001 - CONTROL NUMBER
control field 003767
003 - CONTROL NUMBER IDENTIFIER
control field MACL
005 - DATE AND TIME OF LATEST TRANSACTION
control field 20150912131233.0
008 - FIXED-LENGTH DATA ELEMENTS--GENERAL INFORMATION
fixed length control field 150912b xxu||||| |||| 00| 0 eng d
040 ## - CATALOGING SOURCE
Original cataloging agency MACL
Transcribing agency MACL
041 ## - LANGUAGE CODE
Language code of text/sound track or separate title English
082 ## - DEWEY DECIMAL CLASSIFICATION NUMBER
Classification number 823/ROY
100 ## - MAIN ENTRY--PERSONAL NAME
Personal name Roy, Arundhati
9 (RLIN) 10324
245 ## - TITLE STATEMENT
Title In Which Annie Gives It Those Ones
Remainder of title The Original Screenplay
Statement of responsibility, etc. Arundhati Roy
260 ## - PUBLICATION, DISTRIBUTION, ETC. (IMPRINT)
Place of publication, distribution, etc. New Deli
Date of publication, distribution, etc. 2003
Name of publisher, distributor, etc. Penguin Books,
350 ## - PRICE (NR) (BK AM CF MU VM SE) [OBSOLETE]
Price 295
650 ## - SUBJECT ADDED ENTRY--TOPICAL TERM
Topical term or geographic name as entry element Literature
9 (RLIN) 10325
942 ## - ADDED ENTRY ELEMENTS (KOHA)
Call number prefix 823
Koha item type Books
Source of classification or shelving scheme
Holdings
Withdrawn status Lost status Source of classification or shelving scheme Damaged status Not for loan Home library Current library Date acquired Cost, normal purchase price Total Checkouts Full call number Barcode Date last seen Date last checked out Uniform Resource Identifier Price effective from Koha item type
          MACL MACL 15/04/2015 295.00 1 823/ROY CRE017622 02/05/2024 16/07/2015 15562 15/04/2015 Books